Word Ladder: Simmering Stew Quiz Stats

Quiz Updated Sep 22, 2016

Challenge
Share
Tweet
Embed
Score 0/16 Timer 01:30
0 Plays Today
Clue 3-Letter Word % Correct
To take a small drink of somethingSIP
96.9%
A tree's 'blood'SAP
96.7%
UncookedRAW
96.6%
Persian or Siamese, e.g.CAT
96.5%
Gown's graduation partnerCAP
95.9%
One go-around in an auto raceLAP
95.8%
Applied flame to a candleLIT
95.5%
An animal's footPAW
95.5%
Clue 3-Letter Word % Correct
Vocation of 2Pac, Dr. Dre, etc.RAP
95.1%
Pouter's protrusionLIP
94.3%
A collapsible soldier's bedCOT
93.9%
'___! Right in the kisser!'POW
88.3%
Stephen King book: 'Salem's ___'LOT
87.3%
Cut-off at once, like a branch or a headLOP
86.1%
An Asian style of stew [first rung] ___POT
56.6%
An Asian style of stew ___ [last rung]HOT
41.9%

Today's Daily Dose

You're not logged in!

Compare scores with friends on all Sporcle quizzes.
Sign Up with Email
OR
Log In

You Might Also Like...

Show Comments

Extras

Top Quizzes Today


Score Distribution

Your Account Isn't Verified!

In order to create a playlist on Sporcle, you need to verify the email address you used during registration. Go to your Sporcle Settings to finish the process.